[Event "Strmilov 2004"]
[Site "?"]
[Date "2004.05.07"]
[Round "6"]
[White "Muzikar, Jan"]
[Black "Janecek, Josef"]
[Result "0-1"]
[WhiteElo "1970"]
[BlackElo "2099"]
[PlyCount "84"]

1. e4 c5 2. Nf3 Nc6 3. Nc3 Nf6 4. Bb5 Nd4 5. e5 Nxb5 6. Nxb5 Nd5 7. Qe2 e6 8.
d4 a6 9. Nd6+ Bxd6 10. exd6 O-O 11. c4 Nb4 12. a3 Nc6 13. O-O Nxd4 14. Nxd4
cxd4 15. Qe5 Qh4 16. Rd1 f6 17. Qxd4 Qxd4 18. Rxd4 b6 19. Rg4 Kf7 20. Rg3 Rb8
21. Rb3 b5 22. a4 Rb6 23. Be3 Rxd6 24. Bc5 bxc4 25. Rb8 Rc6 26. Bxf8 Kxf8 27.
Rc1 d5 28. b4 Ke7 29. b5 axb5 30. axb5 Rc5 31. b6 Bd7 32. Rg8 Rb5 33. Rxg7+ Kd6
34. Rxh7 Rxb6 35. Rh3 d4 36. Kf1 c3 37. Ke1 e5 38. Rd3 Rb3 39. h4 Kd5 40. h5 e4
41. Rg3 d3 42. Kd1 Ba4 0-1

[Event "Strmilov 2004"]
[Site "?"]
[Date "2004.05.07"]
[Round "6"]
[White "Nemecky, Jan"]
[Black "Ducho, Pavel"]
[Result "1/2-1/2"]
[WhiteElo "1489"]
[BlackElo "1471"]
[PlyCount "75"]

1. e4 e5 2. Bc4 Nf6 3. d3 Be7 4. Nf3 d6 5. h3 O-O 6. O-O Be6 7. Bxe6 fxe6 8.
Nh2 d5 9. exd5 exd5 10. Re1 Nbd7 11. Nc3 c6 12. Ne2 Bd6 13. Nf1 Qc7 14. Neg3
Rf7 15. Nf5 Bf8 16. N5g3 Re8 17. b3 Bc5 18. Be3 d4 19. Bd2 Bb6 20. a4 a6 21.
Bg5 Ref8 22. Bxf6 Nxf6 23. Re2 Nd5 24. Ne4 Nc3 25. Qd2 Nxe2+ 26. Qxe2 Qe7 27.
Nfg3 g6 28. Rf1 Bd8 29. Qd2 b6 30. Rb1 Qc7 31. Re1 Bh4 32. Rf1 Bxg3 33. Nxg3 b5
34. axb5 axb5 35. Ne4 Ra8 36. Ng5 Re7 37. Ne4 Rf8 38. Ra1 1/2-1/2

[Event "Strmilov 2004"]
[Site "?"]
[Date "2004.05.07"]
[Round "6"]
[White "Novak, Rudolf"]
[Black "Slajs, Vlastimil"]
[Result "0-1"]
[WhiteElo "1557"]
[BlackElo "1925"]
[PlyCount "100"]

1. e4 e5 2. Bc4 c6 3. d4 Nf6 4. f3 Bd6 5. Bg5 h6 6. Bh4 O-O 7. Ne2 Re8 8. O-O
b5 9. Bb3 a5 10. a3 Qb6 11. Kh1 Nh5 12. c3 Bb7 13. g4 Nf4 14. Nxf4 exf4 15. e5
Be7 16. Bxe7 Rxe7 17. Qd2 g5 18. Qd3 c5 19. Bc2 Qg6 20. Qxg6+ fxg6 21. Bxg6
cxd4 22. cxd4 Kg7 23. Bd3 Nc6 24. Be4 Rb8 25. Bxc6 Bxc6 26. b4 Ra8 27. bxa5
Rxa5 28. Nd2 Ra4 29. Nb3 Bd5 30. Nc5 Rxd4 31. Rae1 Rc4 32. Na6 Rc3 33. Kg2 Rxa3
34. Nc7 Bc6 35. Rc1 Rxe5 36. Rxc6 dxc6 37. Rc1 Ra2+ 38. Kh3 Ree2 39. Ne6+ Rxe6
40. Rxc6 Ra6 41. Rc7+ Kg6 42. Rc8 b4 43. Rc2 b3 44. Rb2 Re3 45. Rb1 Rxf3+ 46.
Kg2 Re3 47. h4 Ra2+ 48. Kg1 gxh4 49. g5 Ree2 50. gxh6 Kxh6 0-1

[Event "Strmilov 2004"]
[Site "?"]
[Date "2004.05.07"]
[Round "6"]
[White "Pahorecky st., Jiri"]
[Black "Cernousek, Lukas"]
[Result "0-1"]
[WhiteElo "1752"]
[BlackElo "2373"]
[PlyCount "74"]

1. d4 b5 2. Nf3 Bb7 3. e3 a6 4. c4 c6 5. Bd2 d6 6. a4 bxc4 7. Bxc4 e6 8. O-O
Nd7 9. a5 g6 10. Bc3 Bg7 11. d5 Bxc3 12. dxe6 fxe6 13. Nxc3 d5 14. Qd4 Ngf6 15.
Be2 c5 16. Qf4 O-O 17. Qd6 Re8 18. Ne5 Nxe5 19. Qxe5 Nd7 20. Qd6 Rc8 21. Bg4
Rc6 22. Qg3 Nf6 23. f4 d4 24. exd4 cxd4 25. Rfd1 Rd6 26. Ne2 d3 27. Nc3 Nxg4
28. Qxg4 Rd4 29. Qg3 Qd6 30. h4 Rf8 31. Ra4 Rxa4 32. Nxa4 Qd4+ 33. Kh2 Rxf4 34.
Qg5 Rxh4+ 35. Kg3 Qd6+ 36. Kxh4 Qh2+ 37. Kg4 h5+ 0-1

[Event "Strmilov 2004"]
[Site "?"]
[Date "2004.05.07"]
[Round "6"]
[White "Prochazka, Pavel"]
[Black "Volf, Miloslav"]
[Result "0-1"]
[WhiteElo "1643"]
[BlackElo "1475"]
[PlyCount "92"]

1. e4 c5 2. Nf3 d6 3. d4 cxd4 4. Nxd4 Nf6 5. Nc3 Nc6 6. Be2 a6 7. a4 Nxd4 8.
Qxd4 e5 9. Qd3 Be6 10. Nd5 Nxd5 11. exd5 Qa5+ 12. Bd2 Qxd5 13. Qg3 Qc6 14. c3
g6 15. O-O Bg7 16. Rfc1 O-O 17. c4 Rac8 18. b3 d5 19. cxd5 Qxd5 20. Bb4 Rxc1+
21. Rxc1 Rd8 22. Qh4 Qd4 23. Qxd4 exd4 24. Bc4 Rc8 25. Bd2 b5 26. axb5 axb5 27.
Bxb5 Rxc1+ 28. Bxc1 Bxb3 29. Kf1 Bd5 30. f3 Be5 31. f4 Bg7 32. g3 Be4 33. Ke2
h5 34. Bc4 Bf6 35. Ba3 g5 36. Bd3 Bd5 37. Bd6 g4 38. Bf5 Bc4+ 39. Kd2 Bd8 40.
Bc5 Ba5+ 41. Kc2 Bc3 42. Ba3 Be1 43. Bc1 Kg7 44. Bd2 Bf2 45. Ba5 Kf6 46. Bc8
Bg1 0-1

[Event "Strmilov 2004"]
[Site "?"]
[Date "2004.05.07"]
[Round "6"]
[White "Ruzicka, Tomas"]
[Black "Ruzicka, Ales"]
[Result "0-1"]
[WhiteElo "1519"]
[BlackElo "1464"]
[PlyCount "152"]

1. e4 c5 2. Nf3 e6 3. Bb5 a6 4. Be2 Nc6 5. d4 cxd4 6. Nxd4 Qc7 7. Nf3 Nf6 8.
Bd3 Be7 9. Bg5 O-O 10. Bh4 d5 11. exd5 Nxd5 12. Bxe7 Qxe7 13. O-O Rd8 14. Nbd2
b5 15. Ne4 Nf4 16. a3 Bb7 17. Re1 Nxd3 18. cxd3 Nd4 19. Nxd4 Rxd4 20. Rc1 Rad8
21. Nc5 Rc8 22. b4 a5 23. Nxb7 Qxb7 24. Rxc8+ Qxc8 25. bxa5 Ra4 26. Qb3 Rxa5
27. Rb1 Qf8 28. Ra1 g6 29. g3 Qc5 30. Ra2 Qd5 31. Qxd5 exd5 32. d4 b4 33. a4 b3
34. Rb2 Rxa4 35. Rxb3 Rxd4 36. Kf1 Rc4 37. Rd3 Rc5 38. Ke2 Kg7 39. Ke3 Kf6 40.
Rd2 Ke5 41. f4+ Ke6 42. g4 Rc3+ 43. Kf2 f6 44. Re2+ Kf7 45. Rd2 Rc5 46. Ke3 Ke7
47. Kd4 Kd6 48. Kd3 Rc4 49. Ke3 Kc5 50. Kf3 Rc3+ 51. Kf2 Kc4 52. Re2 d4 53. Re7
Kd3 54. Rd7 Rc2+ 55. Kg3 Re2 56. h4 Kc3 57. Rc7+ Kd2 58. Rxh7 d3 59. f5 gxf5
60. gxf5 Ke1 61. Kg4 d2 62. Rd7 d1=Q 63. Rxd1+ Kxd1 64. Kh5 Rg2 65. Kh6 Ke2 66.
h5 Ke3 67. Kh7 Ke4 68. h6 Kxf5 69. Kh8 Rh2 70. Kg7 Rxh6 71. Kxh6 Ke4 72. Kh5 f5
73. Kh4 Kf3 74. Kh3 f4 75. Kh2 Ke2 76. Kg1 f3 0-1

[Event "Strmilov 2004"]
[Site "?"]
[Date "2004.05.07"]
[Round "6"]
[White "Snorek, Milan"]
[Black "Ruzicka, Vojtech"]
[Result "0-1"]
[WhiteElo "2164"]
[BlackElo "1772"]
[PlyCount "102"]

1. Nf3 c5 2. e4 Nc6 3. d4 cxd4 4. Nxd4 g6 5. Nc3 Bg7 6. Be3 d6 7. Bc4 Nf6 8. f3
O-O 9. Qd2 a6 10. Bb3 Bd7 11. O-O-O b5 12. Nxc6 Bxc6 13. Bh6 a5 14. Bxg7 Kxg7
15. h4 h5 16. Bd5 Qc7 17. Bxc6 Qxc6 18. Nd5 Nxd5 19. Qxd5 Rfc8 20. Qxc6 Rxc6
21. Rhe1 b4 22. e5 Rac8 23. Rd2 d5 24. Re3 e6 25. a3 Rc4 26. g3 R8c5 27. Red3
f6 28. exf6+ Kxf6 29. axb4 Rxb4 30. c3 Ra4 31. b3 Ra1+ 32. Kb2 Rg1 33. f4 Re1
34. Kc2 Kf5 35. Kb2 Kg4 36. Rf2 Rb5 37. Rff3 Re2+ 38. Ka3 Re1 39. Rf2 Rb6 40.
Rc2 Ra1+ 41. Kb2 Rg1 42. c4 dxc4 43. Rxc4 Kh3 44. f5 exf5 45. g4+ Rg3 46. Rxg3+
Kxg3 47. gxf5 gxf5 48. Kc3 Rb5 49. Ra4 f4 50. Ra1 f3 51. Rg1+ Kh2 0-1

[Event "Strmilov 2004"]
[Site "?"]
[Date "2004.05.07"]
[Round "6"]
[White "Spal, Milan"]
[Black "Rodling, Robert"]
[Result "1/2-1/2"]
[WhiteElo "2233"]
[BlackElo "1830"]
[PlyCount "75"]

1. e4 c5 2. Nc3 d6 3. f4 g6 4. Nf3 Bg7 5. Bc4 e6 6. d3 Nc6 7. O-O Nge7 8. f5
exf5 9. Qe1 O-O 10. Qh4 h5 11. Bg5 Bxc3 12. bxc3 fxe4 13. dxe4 Be6 14. Bd5 Qd7
15. Bxc6 Nxc6 16. Bf6 Bg4 17. h3 Bxf3 18. Rxf3 Ne5 19. Rg3 Qe6 20. Rf1 Nd7 21.
Rf4 Kh7 22. Rgf3 Rae8 23. e5 dxe5 24. Rf5 Nxf6 25. Rxf6 Qxa2 26. c4 Qb1+ 27.
Rf1 Qxc2 28. Rxf7+ Rxf7 29. Rxf7+ Kh6 30. g4 Qc1+ 31. Kh2 Qd2+ 32. Kh1 Qd1+ 33.
Kh2 Qe2+ 34. Kh1 Qe4+ 35. Kh2 Qc2+ 36. Kh1 Qc1+ 37. Kh2 Qd2+ 38. Kh1 1/2-1/2

[Event "Strmilov 2004"]
[Site "?"]
[Date "2004.05.07"]
[Round "6"]
[White "Steinhauser, Antonin"]
[Black "Horak, Karel"]
[Result "1-0"]
[WhiteElo "1714"]
[BlackElo "1709"]
[PlyCount "43"]

1. e4 c6 2. d4 d5 3. exd5 cxd5 4. c4 Nf6 5. Nc3 e6 6. Nf3 Be7 7. Be2 O-O 8. O-O
b6 9. Bf4 Bb7 10. Rc1 Nc6 11. cxd5 Nxd5 12. Nxd5 Qxd5 13. Bc4 Qf5 14. Bg3 Rfd8
15. Bd3 Qd5 16. Re1 g6 17. Be4 Qd7 18. Bxc6 Bxc6 19. Ne5 Ba4 20. b3 Bxb3 21.
axb3 Qxd4 22. Nc6 1-0

[Event "Strmilov 2004"]
[Site "?"]
[Date "2004.05.07"]
[Round "6"]
[White "Steinhauser, Frantisek"]
[Black "Hejl, Jaroslav"]
[Result "0-1"]
[WhiteElo "1775"]
[BlackElo "1872"]
[PlyCount "52"]

1. e4 c5 2. Nf3 e6 3. d4 cxd4 4. Nxd4 a6 5. Nc3 Qc7 6. Bd3 Nc6 7. Be3 Bb4 8.
Qd2 Nge7 9. a3 Ba5 10. O-O O-O 11. Bf4 Bxc3 12. bxc3 d6 13. Nxc6 Qxc6 14. e5
dxe5 15. Bxe5 f6 16. Bd6 Rf7 17. Be2 Nf5 18. Bb4 Rd7 19. Qe1 a5 20. Bf3 Qb6 21.
Bg4 Rd5 22. Bxf5 Rxf5 23. Be7 Kf7 24. Rb1 Qc7 25. g4 Re5 26. Qd2 Kxe7 0-1

[Event "Strmilov 2004"]
[Site "?"]
[Date "2004.05.07"]
[Round "6"]
[White "Sulista, Daniel"]
[Black "Havluj, Zdenek"]
[Result "0-1"]
[WhiteElo "1494"]
[BlackElo "1958"]
[PlyCount "85"]

1. c4 Nf6 2. Nc3 g6 3. g3 Bg7 4. Bg2 O-O 5. d4 d6 6. Nf3 c6 7. O-O Qa5 8. e3
Qh5 9. Nd2 Qxd1 10. Rxd1 Bg4 11. f3 Be6 12. b4 d5 13. c5 a6 14. Nb3 Nbd7 15.
Na5 Rfc8 16. Nxb7 Rab8 17. Na5 Rxb4 18. Bf1 Rbb8 19. Rb1 Rxb1 20. Nxb1 Nb8 21.
Nc3 Nfd7 22. Bd2 f6 23. Rb1 Bf7 24. Rb7 e5 25. Na4 f5 26. Bc3 f4 27. Bxa6 fxe3
28. Rxd7 Nxa6 29. dxe5 Be8 30. Ra7 Nc7 31. e6 Bxc3 32. Nxc3 d4 33. Ne4 d3 34.
Kf1 Kf8 35. Nb3 Nb5 36. Rxh7 Rc7 37. Rxc7 Nxc7 38. a4 Nxe6 39. a5 Nc7 40. Nd6
Bd7 41. Nc4 Be6 42. Nxe3 Bxb3 43. Ke1 0-1

[Event "Strmilov 2004"]
[Site "?"]
[Date "2004.05.07"]
[Round "6"]
[White "Trepka, Jan"]
[Black "Kellner, Petr"]
[Result "0-1"]
[WhiteElo "1855"]
[BlackElo "1972"]
[PlyCount "85"]

1. Nf3 d6 2. d4 c6 3. c4 Nf6 4. Nc3 g6 5. e4 Qa5 6. Bd2 Bg7 7. Be2 e5 8. O-O
O-O 9. Re1 Qc7 10. d5 Ne8 11. Qc2 f5 12. Bd3 f4 13. b4 Qd8 14. h3 g5 15. Nh2 h5
16. Be2 Nf6 17. f3 Rf7 18. c5 Bf8 19. dxc6 Rg7 20. cxb7 Bxb7 21. Bc4+ Kh8 22.
Rad1 Qc8 23. Nd5 Ne8 24. Bb5 dxc5 25. Bxe8 Qxe8 26. bxc5 Na6 27. Ba5 Bxc5+ 28.
Kh1 Rc8 29. Qb3 Qg6 30. Rd2 Qh6 31. Red1 g4 32. fxg4 hxg4 33. Nxg4 Rxg4 34.
Qxb7 Rcg8 35. Bc3 R4g5 36. Nxf4 Bf8 37. Qf7 Nc5 38. Rd8 Nxe4 39. Rxf8 Rxf8 40.
Bxe5+ Nf6 41. Qe7 Qg7 42. Qe6 Rf7 43. Rd8+ 0-1

[Event "Strmilov 2004"]
[Site "?"]
[Date "2004.05.08"]
[Round "7"]
[White "Cernousek, Lukas"]
[Black "Spal, Milan"]
[Result "1-0"]
[WhiteElo "2373"]
[BlackElo "2233"]
[PlyCount "61"]

1. e4 d6 2. d4 Nf6 3. Nc3 c6 4. f4 d5 5. e5 Ng8 6. Bd3 g6 7. g4 e6 8. Nf3 h5 9.
gxh5 Rxh5 10. Ne2 Rh8 11. Ng3 c5 12. h4 Nh6 13. h5 Nf5 14. Bxf5 gxf5 15. dxc5
Nd7 16. Be3 Bxc5 17. Bxc5 Nxc5 18. h6 Bd7 19. Ng5 Qb6 20. Qd4 Ne4 21. Qxb6 axb6
22. N5xe4 fxe4 23. Nh5 Ke7 24. Nf6 e3 25. h7 d4 26. a3 Rac8 27. O-O-O Ba4 28.
Rh2 Rc4 29. Kb1 d3 30. Rxd3 Rxf4 31. Rxe3 1-0

[Event "Strmilov 2004"]
[Site "?"]
[Date "2004.05.08"]
[Round "7"]
[White "Cifka, Stanislav"]
[Black "Karlicek, Pavel"]
[Result "0-1"]
[WhiteElo "2262"]
[BlackElo "1953"]
[PlyCount "148"]

1. d4 Nf6 2. c4 e5 3. dxe5 Ng4 4. Bf4 Nc6 5. Nf3 Bb4+ 6. Nbd2 Qe7 7. e3 Ngxe5
8. Nxe5 Nxe5 9. Be2 d6 10. O-O g5 11. Bxe5 dxe5 12. Ne4 Bf5 13. Ng3 Bg6 14. Bg4
h5 15. Bf5 h4 16. Bxg6 hxg3 17. Bf5 gxh2+ 18. Kh1 e4 19. Qd4 f6 20. Rad1 Bc5
21. Qd5 c6 22. Bg6+ Kf8 23. Qf5 Qe5 24. Qxe5 fxe5 25. Rd7 Rg8 26. Bxe4 Rg7 27.
Rfd1 Re7 28. Kxh2 Rae8 29. Kg3 Kg7 30. Kg4 Kf6 31. Rxe7 Bxe7 32. Rh1 Bf8 33.
Rh5 Rd8 34. Rxg5 Rd2 35. Rf5+ Kg7 36. Rxe5 Rxf2 37. Re8 Rxb2 38. Rb8 Bd6 39.
Rd8 Bc5 40. Kf4 Kf6 41. Rd7 Rf2+ 42. Bf3 Rc2 43. Be4 Rf2+ 44. Kg4 Rb2 45. Kf3
Rxa2 46. Rxb7 Ra3 47. Bxc6 Rxe3+ 48. Kf4 Rd3 49. Bd5 Rd4+ 50. Kf3 Rd3+ 51. Ke2
Re3+ 52. Kd2 Ra3 53. Rb8 Rg3 54. Bf3 Ke5 55. Re8+ Kd6 56. Rd8+ Kc7 57. Rd5 Kb6
58. Rd8 Bb4+ 59. Kd3 a5 60. Rb8+ Kc7 61. Rb7+ Kd6 62. Ke4 Rg5 63. Rb6+ Kc7 64.
Ra6 Kb7 65. Rh6 Kc7 66. Kd4 Bc5+ 67. Kc3 Bb4+ 68. Kb3 Be7 69. Rc6+ Kb8 70. Ka4
Bb4 71. Bd5 Rg7 72. Rb6+ Kc8 73. Kb5 Bc3 74. c5 Rg5 0-1

[Event "Strmilov 2004"]
[Site "?"]
[Date "2004.05.08"]
[Round "7"]
[White "Ducho, Pavel"]
[Black "Odehnalova, Andrea"]
[Result "1/2-1/2"]
[WhiteElo "1471"]
[BlackElo "1553"]
[PlyCount "158"]

1. e4 e5 2. Nf3 Nc6 3. Bb5 d6 4. Bxc6+ bxc6 5. h3 Be7 6. O-O f5 7. d3 f4 8. d4
Ba6 9. Re1 Bf6 10. dxe5 dxe5 11. Qxd8+ Rxd8 12. Nc3 Ne7 13. b4 O-O 14. Bb2 Ng6
15. Na4 Rfe8 16. Nc5 Bc8 17. Rad1 Kf7 18. a4 Rxd1 19. Rxd1 Nf8 20. a5 g5 21. a6
h5 22. Nd3 Nd7 23. Ra1 g4 24. hxg4 hxg4 25. Nh2 Nb6 26. Bc3 Nc4 27. Nf1 Be6 28.
Nd2 Bg7 29. Nxc4 Bxc4 30. Nb2 Be6 31. Ra5 Bd7 32. Nd3 f3 33. Bxe5 Bxe5 34.
Nxe5+ Ke7 35. gxf3 gxf3 36. Nxf3 Rg8+ 37. Rg5 Rxg5+ 38. Nxg5 Bc8 39. f4 Bxa6
40. Kf2 Bc4 41. Ke3 Kd6 42. Kd4 Ba6 43. e5+ Ke7 44. Kc5 Bb5 45. c4 Ba4 46. Kd4
Bc2 47. Ne4 Ke6 48. Ke3 Kf5 49. Nc5 Bd1 50. Na6 Bh5 51. Nxc7 c5 52. bxc5 a5 53.
Nb5 a4 54. c6 Bf7 55. Nd6+ Ke6 56. f5+ Ke7 57. Nxf7 a3 58. f6+ Kxf7 59. c7 a2
60. c8=Q a1=Q 61. Qd7+ Kg6 62. Qg4+ Kf7 63. Qg7+ Ke6 64. Qe7+ Kf5 65. Qd7+ Kg6
66. Qd3+ Kf7 67. Ke4 Qh1+ 68. Kd4 Qg1+ 69. Qe3 Qa1+ 70. Qc3 Qg1+ 71. Qe3 Qa1+
72. Ke4 Qh1+ 73. Kd3 Qb1+ 74. Ke2 Qc2+ 75. Ke1 Qb1+ 76. Kf2 Qc2+ 77. Qe2 Qf5+
78. Qf3 Qc2+ 79. Ke1 Qb1+ 1/2-1/2

[Event "Strmilov 2004"]
[Site "?"]
[Date "2004.05.08"]
[Round "7"]
[White "Gross, David"]
[Black "Havlik, Jan"]
[Result "1-0"]
[WhiteElo "2413"]
[BlackElo "2121"]
[PlyCount "59"]

1. e4 c5 2. Nf3 Nc6 3. d4 cxd4 4. Nxd4 e5 5. Nb5 d6 6. c4 Be7 7. Bd3 a6 8. N5c3
Bg5 9. Nd2 Nf6 10. b3 O-O 11. Bb2 Nd4 12. O-O Bg4 13. f3 Be6 14. Nd5 Bxd5 15.
cxd5 Be3+ 16. Kh1 Nh5 17. Nc4 Bf4 18. g3 Nxg3+ 19. hxg3 Bxg3 20. Kg2 Bf4 21.
Rh1 b5 22. Na3 f5 23. Bxd4 exd4 24. Nc2 Qg5+ 25. Kf1 Rae8 26. Qe2 Bg3 27. Rd1
Qf4 28. Kg2 Qg5 29. Rh3 Bh4+ 30. Kh1 1-0

[Event "Strmilov 2004"]
[Site "?"]
[Date "2004.05.08"]
[Round "7"]
[White "Hadrava, Jaroslav"]
[Black "Beter, Arnost"]
[Result "1/2-1/2"]
[WhiteElo "1864"]
[BlackElo "1941"]
[PlyCount "70"]

1. e4 c6 2. d4 d5 3. Nc3 dxe4 4. Nxe4 Bf5 5. Ng3 Bg6 6. h4 h6 7. Nf3 Nd7 8. Bd3
Bxd3 9. Qxd3 Ngf6 10. Be3 Qa5+ 11. Bd2 Qc7 12. O-O-O e6 13. Ne2 Bd6 14. g3
O-O-O 15. Be3 Nb6 16. Nc3 Nbd5 17. Nxd5 cxd5 18. Qb3 Kb8 19. Rd3 Rc8 20. Rc3
Qa5 21. Rxc8+ Rxc8 22. Kb1 Ne4 23. Rc1 Rc4 24. c3 Qc7 25. Nd2 Nxd2+ 26. Bxd2
Qa5 27. Rg1 Qd8 28. Qd1 Qf6 29. Be3 a6 30. Qd2 Rc6 31. Bf4 h5 32. Bxd6+ Rxd6
33. Qe3 b5 34. f4 Qf5+ 35. Kc1 f6 1/2-1/2

[Event "Strmilov 2004"]
[Site "?"]
[Date "2004.05.08"]
[Round "7"]
[White "Havluj, Zdenek"]
[Black "Trepka, Jan"]
[Result "1-0"]
[WhiteElo "1958"]
[BlackElo "1855"]
[PlyCount "47"]

1. e4 c6 2. d4 d5 3. e5 Bf5 4. h4 h5 5. Ne2 g6 6. Ng3 Be6 7. Bd3 Bh6 8. Nd2 Qb6
9. c3 Nd7 10. Nb3 c5 11. Nxc5 Nxc5 12. dxc5 Qxc5 13. O-O O-O-O 14. b4 Qc7 15.
Qe2 Kb8 16. f4 Bg4 17. Qb2 e6 18. Be3 Ne7 19. Qf2 b6 20. Rfc1 Nf5 21. Nxf5 Bxf5
22. Ba6 Bf8 23. a4 Ka8 24. a5 1-0

[Event "Strmilov 2004"]
[Site "?"]
[Date "2004.05.08"]
[Round "7"]
[White "Hejl, Jaroslav"]
[Black "Pahorecky st., Jiri"]
[Result "0-1"]
[WhiteElo "1872"]
[BlackElo "1752"]
[PlyCount "80"]

1. d4 Nf6 2. c4 b6 3. Nf3 Bb7 4. g3 e6 5. Bg2 c5 6. O-O d5 7. cxd5 exd5 8. Nc3
Be7 9. Bf4 Nc6 10. dxc5 bxc5 11. Ne5 Nd4 12. Qa4+ Kf8 13. Rfd1 Qe8 14. Qa5 Qd8
15. Qa4 Qe8 16. Qxe8+ Kxe8 17. e3 Ne6 18. Nxd5 Nxd5 19. Bxd5 Bxd5 20. Rxd5 g5
21. Nxf7 Kxf7 22. Be5 Rhd8 23. Rad1 Rxd5 24. Rxd5 Rd8 25. Rxd8 Nxd8 26. f4 Nc6
27. Bc3 g4 28. e4 c4 29. Kg2 Bc5 30. b3 cxb3 31. axb3 Bb4 32. Bxb4 Nxb4 33. Kf2
Nc2 34. e5 Ke6 35. Ke2 Nd4+ 36. Kd3 Nxb3 37. Kc3 Na5 38. Kd3 Nc6 39. Ke4 Nxe5
40. fxe5 a5 0-1

[Event "Strmilov 2004"]
[Site "?"]
[Date "2004.05.09"]
[Round "7"]
[White "Horak, Karel"]
[Black "Nemecky, Jan"]
[Result "1-0"]
[WhiteElo "1709"]
[BlackElo "1489"]
[PlyCount "65"]

1. d4 e6 2. c4 Nf6 3. Nf3 Be7 4. Nc3 Nc6 5. e4 d6 6. Be2 O-O 7. a3 a6 8. O-O
Bd7 9. Qc2 h6 10. Rd1 Rb8 11. Bf4 Nh7 12. d5 Na7 13. Be3 Nc8 14. b4 Bf6 15.
dxe6 Bxe6 16. e5 Be7 17. Bd3 Ng5 18. Nd4 Bd7 19. f4 Ne6 20. Nf3 Qe8 21. Ne4 Ba4
22. Qf2 Bxd1 23. Rxd1 Qa4 24. Bc2 Qe8 25. Qg3 dxe5 26. fxe5 f5 27. exf6 Bxf6
28. Bxh6 Qe7 29. c5 Na7 30. Qg6 Ng5 31. Bxg5 Bxg5 32. Nexg5 Rxf3 33. Qh7+ 1-0

[Event "Strmilov 2004"]
[Site "?"]
[Date "2004.05.08"]
[Round "7"]
[White "Hornak, Ivan"]
[Black "Snorek, Milan"]
[Result "0-1"]
[WhiteElo "1623"]
[BlackElo "2164"]
[PlyCount "52"]

1. d4 d5 2. Nf3 Nf6 3. e3 e6 4. c4 dxc4 5. Bxc4 c5 6. O-O a6 7. Nc3 b5 8. Bd3
Bb7 9. dxc5 Bxc5 10. Be2 Qc7 11. a3 Nbd7 12. b4 Be7 13. Bb2 O-O 14. Rc1 Qb6 15.
Qc2 Rac8 16. Rfd1 Rfd8 17. Rd2 Ne4 18. Rd3 Nd6 19. Qd1 Nf6 20. Rd2 h6 21. Rdc2
Nc4 22. Qe1 Nxb2 23. Rxb2 Ne8 24. Rbc2 Nd6 25. Qf1 Rd7 26. Ne4 Rxc2 0-1

[Event "Strmilov 2004"]
[Site "?"]
[Date "2004.05.08"]
[Round "7"]
[White "Kellner, Petr"]
[Black "Dolezal, Jiri"]
[Result "0-1"]
[WhiteElo "1972"]
[BlackElo "2222"]
[PlyCount "122"]

1. d4 Nf6 2. c4 e6 3. Nc3 Bb4 4. Qc2 c5 5. e3 O-O 6. a3 Bxc3+ 7. Qxc3 b6 8. Bd3
Bb7 9. f3 d6 10. Ne2 Qe7 11. O-O Nbd7 12. b3 Rac8 13. Bb2 d5 14. Qe1 dxc4 15.
Bxc4 a6 16. a4 Nd5 17. Qd2 Rfd8 18. e4 Nb4 19. dxc5 bxc5 20. a5 Nf6 21. Qg5 h6
22. Qh4 Kf8 23. Nf4 Ne8 24. Qf2 e5 25. Nh3 Nd6 26. Be2 Nc2 27. Rab1 Nd4 28. Bc4
Rb8 29. Ba3 N6b5 30. Bc1 Nd6 31. Ba3 Qc7 32. Qe1 Bc8 33. Nf2 Nc2 34. Qc1 Nxc4
35. Bxc5+ Kg8 36. bxc4 Rxb1 37. Qxb1 Qxc5 38. Qxc2 Be6 39. Rd1 Rxd1+ 40. Qxd1
Qxa5 41. Nd3 Bxc4 42. Ne1 Qc5+ 43. Kh1 a5 44. Qc1 Qf2 45. h3 Qd4 46. Kh2 a4 47.
Qa3 Bb3 48. Qc1 Kh7 49. h4 Be6 50. h5 Qf2 51. Nd3 Qh4+ 52. Kg1 Qxh5 53. Qa1 Qg5
54. Qxa4 Qe3+ 55. Nf2 Qe1+ 56. Kh2 Qxf2 57. Kh1 Qd4 58. Qc2 h5 59. g3 Qe3 60.
Qg2 Bc4 61. g4 Qc1+ 0-1

[Event "Strmilov 2004"]
[Site "?"]
[Date "2004.05.07"]
[Round "7"]
[White "Lechtynsky, Jiri"]
[Black "Blazek, Jiri"]
[Result "1-0"]
[WhiteElo "2431"]
[BlackElo "2173"]
[PlyCount "63"]

1. Nf3 Nf6 2. c4 e6 3. Nc3 c5 4. g3 Nc6 5. Bg2 Be7 6. d4 cxd4 7. Nxd4 O-O 8.
O-O a6 9. Bf4 d5 10. cxd5 exd5 11. Rc1 Bg4 12. h3 Be6 13. Nxc6 bxc6 14. Na4 Qa5
15. Be3 Rac8 16. a3 c5 17. Bxc5 Bxc5 18. Rxc5 Rxc5 19. b4 Qb5 20. Nxc5 a5 21.
Qd3 Rb8 22. Rb1 Qxd3 23. exd3 d4 24. b5 Nd5 25. Bxd5 Bxd5 26. b6 f6 27. f4 Kf7
28. b7 Ke7 29. Rb6 Bf3 30. Kf2 Bh1 31. g4 Kd8 32. Ne6+ 1-0

[Event "Strmilov 2004"]
[Site "?"]
[Date "2004.05.08"]
[Round "7"]
[White "Malirsky, Josef"]
[Black "Muzikar, Jan"]
[Result "0-1"]
[WhiteElo "1477"]
[BlackElo "1970"]
[PlyCount "48"]

1. e4 d5 2. exd5 Qxd5 3. Nc3 Qd6 4. Nf3 Nf6 5. Be2 a6 6. O-O Nc6 7. d4 Bg4 8.
Be3 h6 9. a3 O-O-O 10. Re1 Bxf3 11. Bxf3 Nxd4 12. Bxd4 Qxd4 13. Bxb7+ Kb8 14.
Qxd4 Rxd4 15. Bxa6 e6 16. Rad1 Bc5 17. Rxd4 Bxd4 18. Bd3 Rd8 19. Nd1 Rd6 20. c3
Bb6 21. Bc2 Rd2 22. Ne3 Bxe3 23. fxe3 Rxc2 24. Rb1 Ng4 0-1

[Event "Strmilov 2004"]
[Site "?"]
[Date "2004.05.08"]
[Round "7"]
[White "Pahorecky ml., Jiri"]
[Black "Steinhauser, Antonin"]
[Result "0-1"]
[WhiteElo "1946"]
[BlackElo "1714"]
[PlyCount "60"]

1. d4 Nf6 2. c4 g6 3. Nc3 Bg7 4. e4 d6 5. Be2 O-O 6. Nf3 e5 7. O-O Nc6 8. d5
Ne7 9. b4 Ne8 10. Nd2 f5 11. c5 f4 12. Nc4 Rf7 13. a4 Bf8 14. Ba3 g5 15. Bh5
Ng6 16. Bxg6 hxg6 17. f3 Nf6 18. h3 Nh5 19. Ne2 Bd7 20. cxd6 cxd6 21. b5 Rh7
22. Rc1 Rc8 23. Rc3 Nf6 24. Nd2 Rxc3 25. Nxc3 Qc8 26. Ndb1 Nh5 27. Qd2 Ng3 28.
Rc1 Qd8 29. Ne2 Qb6+ 30. Kh2 Rxh3+ 0-1

[Event "Strmilov 2004"]
[Site "?"]
[Date "2004.05.08"]
[Round "7"]
[White "Pekarovic, Jaroslav"]
[Black "Ruzicka, Vojtech"]
[Result "1-0"]
[WhiteElo "1888"]
[BlackElo "1772"]
[PlyCount "63"]

1. d4 d5 2. c4 c6 3. Nc3 Nf6 4. Bg5 h6 5. Bxf6 gxf6 6. cxd5 cxd5 7. e3 Nc6 8.
Nf3 e6 9. a3 Bd7 10. Rc1 Rc8 11. Be2 Bd6 12. Qd3 f5 13. O-O h5 14. b4 h4 15. h3
Qf6 16. Na4 Rg8 17. b5 Na5 18. Rxc8+ Bxc8 19. Qc3 Ke7 20. Qxa5 Qg7 21. Ne1 f4
22. Qc3 e5 23. exf4 exd4 24. Qf3 Qf6 25. Nd3 Bf5 26. Qxd5 Bxh3 27. Bf3 Bxg2 28.
Re1+ Kf8 29. Bxg2 h3 30. Nac5 Bxc5 31. Qxc5+ Kg7 32. Bxh3 1-0

[Event "Strmilov 2004"]
[Site "?"]
[Date "2004.05.08"]
[Round "7"]
[White "Petkov, Andon"]
[Black "Lauko, Marian"]
[Result "0-1"]
[WhiteElo "1770"]
[BlackElo "1886"]
[PlyCount "51"]

1. d4 d5 2. Nf3 Nf6 3. Bg5 e6 4. e3 c6 5. Nbd2 Be7 6. Bd3 Nbd7 7. O-O O-O 8.
Qe2 c5 9. c3 b6 10. Ne5 Nxe5 11. dxe5 Nd7 12. Bxe7 Qxe7 13. f4 a5 14. Nf3 Bb7
15. Bxh7+ Kxh7 16. Ng5+ Kh6 17. Qg4 Rh8 18. Rf3 g6 19. Raf1 Kg7 20. Rg3 Rh6 21.
Rh3 Rxh3 22. Qxh3 Rh8 23. Qg4 Rh5 24. Rf3 Nxe5 25. Nxe6+ Qxe6 26. f5 0-1

[Event "Strmilov 2004"]
[Site "?"]
[Date "2004.05.08"]
[Round "7"]
[White "Piza, Vlastimil"]
[Black "Klima, Lukas"]
[Result "0-1"]
[WhiteElo "2278"]
[BlackElo "2426"]
[PlyCount "94"]

1. e4 c5 2. Nf3 Nc6 3. d4 cxd4 4. Nxd4 Nf6 5. Nc3 e5 6. Ndb5 d6 7. Bg5 a6 8.
Na3 b5 9. Bxf6 gxf6 10. Nd5 f5 11. c3 Bg7 12. exf5 Bxf5 13. Nc2 Be6 14. g3 O-O
15. Bg2 a5 16. O-O Rb8 17. Qd2 Qd7 18. Rfe1 Kh8 19. Rad1 f5 20. f4 b4 21. Nce3
bxc3 22. bxc3 a4 23. Nb4 e4 24. a3 Nxb4 25. cxb4 Bb3 26. Rc1 d5 27. Rc5 d4 28.
Rec1 Rbc8 29. g4 Rxc5 30. bxc5 fxg4 31. c6 Qe6 32. Nf1 Rc8 33. f5 Qxf5 34. Ng3
e3 35. Qe2 Qf2+ 36. Qxf2 exf2+ 37. Kxf2 Bh6 38. Rc5 d3 39. Nf1 Rf8+ 40. Kg3 d2
41. Nxd2 Bxd2 42. c7 Be6 43. Bb7 Bf4+ 44. Kg2 Bc8 45. Bxc8 Rxc8 46. Rc4 Bxc7
47. Rxa4 Rg8 0-1